[Event "Saaremaa Cup"]
[Site "Saaremaa"]
[Date "2009.??.??"]
[Round "7"]
[White "Truus, Tonu"]
[Black "Olde, Hendrik"]
[Result "0-1"]
[WhiteElo "2179"]
[BlackElo "2309"]
[PlyCount "84"]
[EventDate "2009.??.??"]
[EventType "swiss"]
[EventRounds "7"]
[EventCountry "EST"]
[SourceTitle "EXT 2018"]
[Source "ChessBase"]
[SourceDate "2017.10.13"]
[SourceVersion "1"]
[SourceVersionDate "2017.10.13"]
[SourceQuality "1"]

1. d4 Nf6 2. c4 e6 3. Nf3 d5 4. Nc3 Be7 5. Bf4 c6 6. e3 0-0 7. Qc2 Nbd7 8. h3 a6 9. c5 Nh5 10. Bh2 f5 11. Bd3 g6 12. Ne5 Nhf6 13. 0-0-0 Nxe5 14. Bxe5 Nd7 15. f4 b6 16. cxb6 Qxb6 17. g4 Nxe5 18. fxe5 Bg5 19. Qd2 Rb8 20. Na4 Qb4 21. h4 Bxe3 22. Qxe3 Qxa4 23. h5 f4 24. Qf2 g5 25. h6 Qb4 26. Bb1 Bd7 27. Qc2 Qe7 28. Rd3 Be8 29. Rc3 Rb4 30. Qd2 f3 31. Rf1 Rf4 32. Rfxf3 Rbxd4 33. Qc2 Rxg4 34. Qf2 Rdf4 35. Rb3 Qf8 36. Bc2 Qxh6 37. Rxf4 Rxf4 38. Qg2 Rf8 39. Rg3 g4+ 40. Kb1 Bh5 41. Bd1 Bg6+ 42. Ka1 Qc1# 0-1

[Event "Hiiumaa Suvi op"]
[Site "Estonia"]
[Date "2007.07.15"]
[Round "5"]
[White "Petrov, Aleksandr"]
[Black "Olde, Hendrik"]
[Result "1-0"]
[WhiteElo "2005"]
[BlackElo "2309"]
[PlyCount "89"]
[EventDate "2007.07.13"]
[EventType "swiss"]
[EventRounds "7"]
[EventCountry "EST"]
[SourceTitle "EXT 2008"]
[Source "ChessBase"]
[SourceDate "2007.11.25"]
[SourceVersion "1"]
[SourceVersionDate "2007.11.25"]
[SourceQuality "1"]

1. e4 Nc6 2. d4 d6 3. Nc3 g6 4. Be3 Bg7 5. f3 a6 6. Qd2 e5 7. d5 Nce7 8. Nge2 f5 9. 0-0-0 Nf6 10. h3 b5 11. a3 Bd7 12. g4 f4 13. Bf2 Nc8 14. Kb1 0-0 15. Nc1 Qe8 16. Nb3 Rf7 17. Na5 Rb8 18. Na2 c5 19. dxc6 Bxc6 20. Nb4 Bb7 21. Nxb7 Rbxb7 22. Nxa6 Bf8 23. Nb4 Kg7 24. g5 Ng8 25. h4 Rfc7 26. h5 gxh5 27. Nd5 Rf7 28. Bh3 Kh8 29. Rh2 Nce7 30. Be6 Rg7 31. Nf6 Qg6 32. Bxg8 Nxg8 33. Nxh5 Rgc7 34. Rg1 Bg7 35. Nxg7 Rxg7 36. Qd5 Rgd7 37. Be1 Ne7 38. Qb3 Qg8 39. Rgh1 Nc6 40. Qxg8+ Kxg8 41. Bc3 Rg7 42. Rh6 Rg6 43. Rxg6+ hxg6 44. Rd1 Rd7 45. Rd5 1-0

[Event "Heart of Finland op 14th"]
[Site "Jyvaskyla"]
[Date "2004.07.23"]
[Round "6"]
[White "Olde, Hendrik"]
[Black "Penttila, Tero"]
[Result "1-0"]
[WhiteElo "2321"]
[BlackElo "2013"]
[PlyCount "66"]
[EventDate "2004.07.21"]
[EventType "swiss"]
[EventRounds "9"]
[EventCountry "FIN"]
[SourceTitle "EXT 2007"]
[Source "ChessBase"]
[SourceDate "2006.11.23"]
[SourceVersion "1"]
[SourceVersionDate "2006.11.23"]
[SourceQuality "1"]

1. Nf3 Nf6 2. g3 d5 3. Bg2 c6 4. d4 Bg4 5. Nbd2 Nbd7 6. b3 e6 7. Bb2 Qc7 8. 0-0 Bd6 9. Re1 0-0 10. c4 b6 11. Rc1 Rfe8 12. a3 a5 13. e4 dxe4 14. Nxe4 Nxe4 15. Rxe4 f5 16. Re1 e5 17. c5 bxc5 18. dxc5 Bxc5 19. b4 axb4 20. axb4 Rab8 21. Bc3 Ba7 22. Qd2 Kh8 23. Ba1 Rbd8 24. Ng5 Nb8 25. Qa2 Bh5 26. b5 c5 27. Ne6 Qf7 28. Rxe5 f4 29. Qb2 fxg3 30. Nxd8 Rxd8 31. Rxh5 gxf2+ 32. Kh1 Bb6 33. Rf5 Qe7 1-0

[Event "Vetemaa Memorial"]
[Site "Estonia"]
[Date "2004.??.??"]
[Round "?"]
[White "Kengis, Edvins"]
[Black "Olde, Hendrik"]
[Result "1/2-1/2"]
[WhiteElo "2560"]
[BlackElo "2325"]
[PlyCount "108"]
[EventDate "2004.04.??"]
[EventType "swiss"]
[EventRounds "7"]
[EventCountry "EST"]
[SourceTitle "EXT 2007"]
[Source "ChessBase"]
[SourceDate "2006.11.23"]
[SourceVersion "1"]
[SourceVersionDate "2006.11.23"]
[SourceQuality "1"]

1. Nf3 Nf6 2. c4 c5 3. Nc3 g6 4. d4 cxd4 5. Nxd4 d6 6. e4 Bg7 7. Be2 0-0 8. 0-0 a6 9. Be3 Bd7 10. f3 Nc6 11. Qd2 Rc8 12. Rfd1 Re8 13. Rab1 Qc7 14. Nxc6 Bxc6 15. b4 b6 16. Rdc1 Qb8 17. a4 Nd7 18. Qa2 Qa8 19. a5 Bxc3 20. Rxc3 b5 21. Bd4 Qb7 22. Rbc1 Nb8 23. Bb6 Nd7 24. cxb5 axb5 25. Be3 Qa6 26. Qd2 Ne5 27. Qd4 Bd7 28. Qb6 Qa8 29. a6 Rxc3 30. Rxc3 Rb8 31. Qa5 Nc4 32. Rxc4 bxc4 33. Bxc4 Qc6 34. Qd5 e6 35. Qxc6 Bxc6 36. b5 Rxb5 37. Bxb5 Bxb5 38. a7 Bc6 39. Kf2 Kf8 40. Bg5 f5 41. exf5 exf5 42. Kg3 Kf7 43. Kf4 Ke6 44. Bh6 Bb7 45. Bf8 d5 46. Bc5 h5 47. h4 Bc6 48. Bf2 Bb7 49. Ke3 Bc6 50. Kd4 Bb7 51. Bg3 Ba8 52. Bf4 Bb7 53. Kc5 Ba8 54. Kb6 Kd7 1/2-1/2

[Event "Vetemaa Memorial"]
[Site "Estonia"]
[Date "2004.??.??"]
[Round "?"]
[White "Olde, Hendrik"]
[Black "Ernst, Thomas"]
[Result "0-1"]
[WhiteElo "2325"]
[BlackElo "2460"]
[PlyCount "94"]
[EventDate "2004.04.??"]
[EventType "swiss"]
[EventRounds "7"]
[EventCountry "EST"]
[SourceTitle "EXT 2007"]
[Source "ChessBase"]
[SourceDate "2006.11.23"]
[SourceVersion "1"]
[SourceVersionDate "2006.11.23"]
[SourceQuality "1"]

1. Nf3 Nf6 2. g3 g6 3. Bg2 Bg7 4. 0-0 0-0 5. d4 d6 6. b3 e5 7. e3 e4 8. Nfd2 Re8 9. h3 h5 10. Bb2 Bf5 11. c4 Nbd7 12. Nc3 c6 13. Rc1 a6 14. Ba3 Nf8 15. Ne2 Qd7 16. Kh2 N8h7 17. Nf4 Bh6 18. d5 c5 19. Bb2 Bg7 20. Bc3 b5 21. b4 cxb4 22. Bxb4 a5 23. Bc3 b4 24. Bd4 a4 25. Re1 Rab8 26. c5 dxc5 27. Rxc5 Rec8 28. Ra5 a3 29. Nb3 Ra8 30. Rxa8 Rxa8 31. f3 Ng5 32. Nc5 Qe7 33. Bxf6 Bxf6 34. d6 Qe5 35. fxe4 Nxe4 36. Qd5 Nxc5 37. Qxa8+ Kg7 38. e4 h4 39. Qd5 hxg3+ 40. Kh1 Bd7 41. Qd2 Bg5 42. Rf1 b3 43. axb3 Bxf4 44. Rxf4 Nxb3 45. Qe3 a2 46. Rf1 a1Q 47. Qxb3 Qxf1+ 0-1

[Event "EST-chT"]
[Site "Tallinn"]
[Date "2002.04.05"]
[Round "6"]
[White "Rauk, Tonu"]
[Black "Olde, Hendrik"]
[Result "1/2-1/2"]
[WhiteElo "2205"]
[BlackElo "2338"]
[PlyCount "50"]
[EventDate "2002.03.08"]
[EventType "team-tourn"]
[EventRounds "10"]
[EventCountry "EST"]
[SourceTitle "CBM 087 Extra"]
[Source "ChessBase"]
[SourceDate "2002.05.03"]
[SourceVersion "2"]
[SourceVersionDate "2002.08.09"]
[SourceQuality "1"]

1. d4 Nf6 2. c4 d6 3. Nc3 Nbd7 4. Nf3 c6 5. e4 e5 6. Be2 Be7 7. 0-0 0-0 8. h3 Re8 9. Re1 Qc7 10. Qc2 a5 11. Bg5 Nf8 12. Rad1 Ne6 13. Bc1 h6 14. a3 Bf8 15. Bf1 Rb8 16. d5 Nf4 17. Qb1 Bd7 18. Be3 c5 19. b4 b6 20. bxc5 bxc5 21. Qc2 g5 22. Nh2 Ng6 23. Be2 Nf4 24. Bf1 Ng6 25. Be2 Nf4 1/2-1/2

[Event "EST-chT"]
[Site "Parnu/Tallinn"]
[Date "2001.04.06"]
[Round "?"]
[White "Luik, Helmuth"]
[Black "Olde, Hendrik"]
[Result "1/2-1/2"]
[WhiteElo "2234"]
[BlackElo "2357"]
[PlyCount "99"]
[EventDate "2001.04.06"]
[EventType "team"]
[EventRounds "8"]
[EventCountry "EST"]
[SourceTitle "CBM 081 Extra"]
[Source "ChessBase"]
[SourceDate "2001.05.06"]
[SourceVersion "1"]
[SourceVersionDate "2001.05.06"]
[SourceQuality "1"]

1. d4 Nf6 2. c4 e6 3. Nf3 d5 4. Nc3 Be7 5. Bg5 c6 6. e3 Nbd7 7. Bd3 0-0 8. 0-0 Re8 9. Rc1 Nf8 10. Ne5 N6d7 11. Bf4 Nxe5 12. Bxe5 Bd6 13. Bg3 Bxg3 14. hxg3 f5 15. Qc2 Qf6 16. Rfd1 Kh8 17. Ne2 Bd7 18. Qb3 b6 19. Qa3 Red8 20. Nf4 g5 21. Ne2 Ng6 22. Qc3 Rg8 23. Qd2 Raf8 24. f4 Rg7 25. Kf2 Ne7 26. Rh1 Ng8 27. Rcf1 Qe7 28. Ke1 Nf6 29. b3 a5 30. Rh6 a4 31. b4 dxc4 32. Bxc4 Ne4 33. Qb2 gxf4 34. gxf4 Rf6 35. Rh2 Rfg6 36. Rfh1 Kg8 37. Bd3 Nf6 38. a3 Rxg2 39. Rxg2 Rxg2 40. Kf1 Qg7 41. Qc1 Qg4 42. Rg1 Qf3+ 43. Ke1 Ng4 44. Rxg2 Qxg2 45. Kd2 h5 46. Qg1 Qd5 47. Nc3 Qb3 48. Qc1 h4 49. Bc2 Qc4 50. Bd3 1/2-1/2

[Event "EST-chT"]
[Site "Parnu/Tallinn"]
[Date "2001.04.06"]
[Round "?"]
[White "Olde, Hendrik"]
[Black "Lelumees, Brait"]
[Result "0-1"]
[WhiteElo "2357"]
[BlackElo "2122"]
[PlyCount "87"]
[EventDate "2001.04.06"]
[EventType "team"]
[EventRounds "8"]
[EventCountry "EST"]
[SourceTitle "CBM 081 Extra"]
[Source "ChessBase"]
[SourceDate "2001.05.06"]
[SourceVersion "1"]
[SourceVersionDate "2001.05.06"]
[SourceQuality "1"]

1. Nf3 c5 2. g3 Nc6 3. Bg2 e5 4. d3 g6 5. c4 Bg7 6. Nc3 Nge7 7. 0-0 Rb8 8. Ne4 d6 9. Bg5 f5 10. Nf6+ Kf7 11. Nd5 h6 12. Bd2 Be6 13. Qc1 b5 14. Nxe7 Qxe7 15. cxb5 Rxb5 16. Ng5+ hxg5 17. Bxc6 Rbb8 18. Bxg5 Bf6 19. Bxf6 Qxf6 20. e3 Rh7 21. Qd2 Rbh8 22. f3 f4 23. exf4 exf4 24. Qxf4 Qxf4 25. gxf4 Rxh2 26. Rae1 Kf6 27. a4 a5 28. Re4 Rxb2 29. Rf2 Rb1+ 30. Rf1 Rb3 31. Bb5 Bd5 32. Re2 Rh4 33. Kg2 Rxf4 34. Kg3 Rf5 35. f4 c4 36. Kg4 Rxd3 37. Re8 Rh5 38. Rf8+ Kg7 39. Re8 Rdh3 40. f5 g5 41. Rd8 R3h4+ 42. Kg3 Rh6 43. Rd7+ Bf7 44. Rd1 0-1

[Event "EST-chT"]
[Site "Tallinn"]
[Date "1999.02.28"]
[Round "5"]
[White "Lehiste, Margus"]
[Black "Olde, Hendrik"]
[Result "0-1"]
[WhiteElo "2170"]
[BlackElo "2368"]
[PlyCount "52"]
[EventDate "1999.??.??"]
[EventType "team"]
[EventRounds "10"]
[EventCountry "EST"]
[SourceTitle "EXT 2000"]
[Source "ChessBase"]
[SourceDate "1999.11.16"]
[SourceVersion "1"]
[SourceVersionDate "1999.11.16"]
[SourceQuality "1"]

1. e4 Nc6 2. Nf3 d6 3. d4 Bg4 4. c3 e5 5. Bb5 a6 6. Bxc6+ bxc6 7. h3 Bh5 8. dxe5 dxe5 9. Qa4 Qd6 10. Nxe5 Rd8 11. Nf3 Bxf3 12. gxf3 Nf6 13. Nd2 Nd7 14. Nb3 Ne5 15. Nd4 Rd7 16. b4 Qf6 17. f4 Nf3+ 18. Kf1 Nxd4 19. e5 Qf5 20. cxd4 Qe4 21. Kg1 Qxd4 22. Rb1 Qe4 23. Rb2 Bc5 24. Qc2 Bxf2+ 25. Kh2 Bg3+ 26. Kg1 Qf3 0-1

[Event "Parnu op"]
[Site "Parnu"]
[Date "1999.??.??"]
[Round "?"]
[White "Olde, Hendrik"]
[Black "Krupenski, Juri"]
[Result "0-1"]
[WhiteElo "2368"]
[BlackElo "2171"]
[PlyCount "100"]
[EventDate "1999.??.??"]
[EventType "swiss"]
[EventRounds "5"]
[EventCountry "EST"]
[SourceTitle "EXT 2003"]
[Source "ChessBase"]
[SourceDate "2002.11.25"]
[SourceVersion "1"]
[SourceVersionDate "2002.11.25"]
[SourceQuality "1"]

1. Nf3 Nf6 2. g3 g6 3. Bg2 Bg7 4. 0-0 0-0 5. d3 c5 6. c4 Nc6 7. Nc3 d5 8. cxd5 Nxd5 9. Bd2 Nc7 10. Rc1 e5 11. Na4 b6 12. a3 Bb7 13. b4 cxb4 14. axb4 Qd7 15. Qb3 Ne6 16. Bc3 Rfe8 17. Rfd1 Rac8 18. Bh3 Ncd4 19. Bxd4 exd4 20. Bg2 Bd5 21. Qa3 Nc7 22. Bf1 Nb5 23. Qb2 Nc3 24. Nxc3 dxc3 25. Qc2 Qe6 26. Ng5 Qe7 27. h4 Qxb4 28. Rb1 Qa3 29. e4 Ba2 30. Ra1 Bb3 31. Rxa3 Bxc2 32. Rc1 Bd1 33. Rxa7 c2 34. Nxf7 Ra8 35. Rd7 Kf8 36. d4 Re7 37. Rxe7 Kxe7 38. Ne5 Bxe5 39. dxe5 Ra3 40. f4 Rxg3+ 41. Kf2 Rf3+ 42. Kg2 Rb3 43. f5 Bf3+ 44. Kf2 Bxe4 45. f6+ Kf8 46. Bc4 Rb1 47. e6 b5 48. e7+ Ke8 49. Re1 Rxe1 50. Bxb5+ Bc6 0-1

[Event "EST-ch"]
[Site "Estonia"]
[Date "1996.??.??"]
[Round "11"]
[White "Olde, Hendrik"]
[Black "Sepp, Olav"]
[Result "0-1"]
[WhiteElo "2275"]
[BlackElo "2440"]
[PlyCount "54"]
[EventDate "1996.??.??"]
[EventType "tourn"]
[EventRounds "11"]
[EventCountry "EST"]
[EventCategory "3"]
[SourceTitle "CBM 052 Extra"]
[Source "ChessBase"]
[SourceDate "1996.07.01"]
[SourceVersion "1"]
[SourceVersionDate "1996.07.01"]
[SourceQuality "1"]

1. Nf3 Nf6 2. g3 g6 3. Bg2 Bg7 4. d3 0-0 5. 0-0 d5 6. Nbd2 b6 7. c4 Bb7 8. Rb1 Re8 9. cxd5 Nxd5 10. Nc4 c5 11. a3 Nc6 12. Ne3 Nc7 13. Bd2 Rc8 14. Qa4 b5 15. Qh4 e5 16. Ng5 h5 17. Ne4 Ne6 18. Qxd8 Rexd8 19. Rfe1 Rd7 20. h4 Ncd4 21. Bc3 f5 22. Nd2 Bxg2 23. Nxg2 Kf7 24. Kf1 Bh6 25. Red1 Rcd8 26. Ne1 Nc6 27. e4 b4 0-1

[Event "EST-ch"]
[Site "Estonia"]
[Date "1996.??.??"]
[Round "2"]
[White "Olde, Hendrik"]
[Black "Zjukin, Sergei"]
[Result "0-1"]
[WhiteElo "2275"]
[BlackElo "2365"]
[PlyCount "76"]
[EventDate "1996.??.??"]
[EventType "tourn"]
[EventRounds "11"]
[EventCountry "EST"]
[EventCategory "3"]
[SourceTitle "CBM 052 Extra"]
[Source "ChessBase"]
[SourceDate "1996.07.01"]
[SourceVersion "1"]
[SourceVersionDate "1996.07.01"]
[SourceQuality "1"]

1. Nf3 Nf6 2. g3 d5 3. Bg2 c6 4. d3 Bf5 5. Nbd2 e6 6. 0-0 h6 7. Re1 Be7 8. b3 0-0 9. Bb2 Bh7 10. e4 a5 11. a4 Na6 12. h3 Nb4 13. Rc1 Nd7 14. Qe2 Bf6 15. Ba3 Na2 16. Bxf8 Nxc1 17. Rxc1 Qxf8 18. e5 Be7 19. Bf1 Ba3 20. Rd1 Bb4 21. c4 dxc4 22. Nxc4 b5 23. Ne3 bxa4 24. bxa4 Nb6 25. Qa2 c5 26. d4 Rd8 27. dxc5 Rxd1 28. Nxd1 Qxc5 29. Ne3 Qc6 30. Nd4 Qxa4 31. Qxa4 Nxa4 32. Nc4 Nc5 33. Nc6 Nb3 34. Be2 Be4 35. Nxb4 axb4 36. Nd6 Bd5 37. Kf1 Nc1 38. Ke1 b3 0-1

[Event "EU-Cup 10th Group6"]
[Site "Lubniewice"]
[Date "1994.??.??"]
[Round "1"]
[White "Lipka, Juraj"]
[Black "Olde, Hendrik"]
[Result "1/2-1/2"]
[WhiteElo "2375"]
[BlackElo "2285"]
[PlyCount "75"]
[EventDate "1994.??.??"]
[EventType "team-k.o."]
[EventRounds "3"]
[EventCountry "POL"]
[SourceTitle "EXT 2020"]
[Source "ChessBase"]
[SourceDate "2019.10.17"]
[SourceVersion "1"]
[SourceVersionDate "2019.10.17"]
[SourceQuality "1"]
[WhiteTeam "Bratislava Slovan"]
[BlackTeam "Paide MK"]
[WhiteTeamCountry "SVK"]
[BlackTeamCountry "EST"]

1. d4 Nf6 2. c4 e6 3. g3 Be7 4. Bg2 d5 5. Nf3 0-0 6. 0-0 b6 7. Nc3 Bb7 8. Ne5 c6 9. b3 Nbd7 10. Bb2 Rc8 11. e4 dxe4 12. Nxe4 Qc7 13. Nxd7 Qxd7 14. Qc2 h6 15. Rad1 Rfd8 16. Rfe1 Qc7 17. Bc1 Rd7 18. Bf4 Qd8 19. Be5 Nxe4 20. Qxe4 Bd6 21. c5 bxc5 22. dxc5 Bxc5 23. Rxd7 Qxd7 24. Bxg7 Bxf2+ 25. Kxf2 Kxg7 26. Qg4+ Kf8 27. Qf4 h5 28. Bf3 c5 29. Rd1 Qc7 30. Qh6+ Ke8 31. Qh8+ Ke7 32. Qxh5 Bxf3 33. Qxf3 c4 34. Qe3 cxb3 35. Qg5+ Kf8 36. Qh6+ Ke7 37. Qg5+ Kf8 38. Qh6+ 1/2-1/2

[Event "EU-Cup 10th Group6"]
[Site "Lubniewice"]
[Date "1994.??.??"]
[Round "2"]
[White "Olde, Hendrik"]
[Black "Zagorskis, Darius"]
[Result "0-1"]
[WhiteElo "2285"]
[BlackElo "2485"]
[PlyCount "118"]
[EventDate "1994.??.??"]
[EventType "team-k.o."]
[EventRounds "3"]
[EventCountry "POL"]
[SourceTitle "EXT 2020"]
[Source "ChessBase"]
[SourceDate "2019.10.17"]
[SourceVersion "1"]
[SourceVersionDate "2019.10.17"]
[SourceQuality "1"]
[WhiteTeam "Paide MK"]
[BlackTeam "Vilnius Kaise"]
[WhiteTeamCountry "EST"]
[BlackTeamCountry "LTU"]

1. Nf3 c5 2. g3 Nc6 3. Bg2 g6 4. d3 Bg7 5. e4 Nf6 6. 0-0 0-0 7. Nc3 d6 8. h3 e5 9. Be3 Nd4 10. Kh2 h6 11. Nd2 Nh5 12. Nd5 Be6 13. c3 Nc6 14. Bf3 Nf6 15. Nxf6+ Qxf6 16. Bg2 Qe7 17. f4 exf4 18. Bxf4 Rad8 19. Re1 Qd7 20. Be3 b6 21. Nf3 d5 22. Qd2 dxe4 23. dxe4 Qxd2 24. Bxd2 Ne5 25. Be3 Nc4 26. Bc1 Rd3 27. Rb1 Rfd8 28. Rf1 Rd1 29. b3 Ne5 30. Nxe5 Bxe5 31. Bxh6 Rxb1 32. Rxb1 Bxc3 33. Bf4 f6 34. Rc1 Bd4 35. h4 Be5 36. Bxe5 fxe5 37. Rc2 Rd3 38. Kg1 Rxg3 39. Kf2 Rg4 40. Rd2 Rxh4 41. Rd6 Rf4+ 42. Kg3 Rf6 43. Rc6 Kg7 44. Bf3 Bg8 45. Rc8 a5 46. Be2 Rd6 47. Rb8 Rd2 48. Bc4 Bxc4 49. bxc4 Rxa2 50. Rxb6 Rc2 51. Re6 Rxc4 52. Rxe5 a4 53. Kf3 a3 54. Re7+ Kf6 55. Ra7 Rc3+ 56. Ke2 Ke5 57. Kd2 Rg3 58. Re7+ Kd6 59. Ra7 a2 0-1

[Event "Rostock-B 15th"]
[Site "Rostock"]
[Date "1989.??.??"]
[Round "?"]
[White "Welz, Peter"]
[Black "Olde, Hendrik"]
[Result "1-0"]
[WhiteElo "2130"]
[BlackElo "2250"]
[PlyCount "83"]
[EventDate "1989.08.??"]
[EventType "swiss"]
[EventRounds "7"]
[EventCountry "DDR"]
[SourceTitle "EXT 2002"]
[Source "ChessBase"]
[SourceDate "2001.11.25"]
[SourceVersion "1"]
[SourceVersionDate "2001.11.25"]
[SourceQuality "1"]

1. e4 Nf6 2. e5 Nd5 3. d4 d6 4. c4 Nb6 5. f4 dxe5 6. fxe5 Nc6 7. Be3 Bf5 8. Nc3 e6 9. Nf3 Be7 10. d5 exd5 11. cxd5 Nb4 12. Nd4 Bd7 13. e6 fxe6 14. dxe6 Bc6 15. Qg4 Bh4+ 16. g3 Bxh1 17. gxh4 0-0 18. 0-0-0 Qf6 19. Bg5 Qxf1 20. Rxf1 Rxf1+ 21. Nd1 Nd3+ 22. Kc2 Nf2 23. Nxf2 Rxf2+ 24. Kd3 Bd5 25. Nf5 Rf8 26. Bf6 Bc4+ 27. Ke3 Re2+ 28. Kf3 Rf7 29. exf7+ Kxf7 30. Qxg7+ Ke8 31. Qxc7 Kf8 32. Nd6 Re3+ 33. Kg4 Be6+ 34. Kg5 Bd7 35. Qd8+ Be8 36. Nf5 Re6 37. Be7+ Kf7 38. Nd6+ Kg7 39. Qxe8 h6+ 40. Kf4 Nd5+ 41. Kg3 Nxe7 42. Qf7+ 1-0